| 000 | 00491nam a2200181Ia 4500 | ||
|---|---|---|---|
| 003 | GCL | ||
| 008 | 140319s9999 xx 000 0 ara d | ||
| 040 |
_aGCL / _cGCL |
||
| 082 | 0 | 4 |
_aط _b813.02 _bم ز |
| 100 | 1 | _aمحجوب عمر | |
| 245 | 1 | 0 |
_aزهرة القمر 2 / _cمحجوب عمر |
| 700 | 1 | _aعدلى رزق الله | |
| 490 |
_aكتب الشمس _v0 |
||
| 650 | 0 | 4 | _aقصص الاطفال |
| 650 | 0 | 4 | _aادب الاطفال |
| 650 | 0 | 4 | _aالاقصوصة |
| 942 |
_2ddc _cBK |
||
| 999 |
_c51162 _d51162 |
||